000 00625nam a2200241Ia 4500
003 OSt
005 20221005050129.0
006 a|||||r|||| 00| 0
007 ta
008 221004b |||||||| |||| 00| 0 ori d
024 _a102801
037 _cTextual
040 _aCRL
_cCRL
_bori
041 _2ori
_aori
082 _aO1591,2N36x, 111M3
100 _aDas J. P.
245 0 _aTwo plays
260 _aKolkata
_bWriters Workshop India
_c1983
300 _a22p.
_ccm.
650 _aORIYA LITERATURE
_927692
942 _hO1591,2N36x, 111M3
_cTEXL
_2cc
999 _c956373
_d956373